| 000 | 00491nam a2200181 i 4500 | ||
|---|---|---|---|
| 001 | 31755 | ||
| 003 | ES-MaACL | ||
| 005 | 20250607063014.0 | ||
| 007 | t| | ||
| 008 | 030130s1967 sp ||||1| cat d | ||
| 100 | 1 |
_aBenguerel, Xavier, _d1905-1990 _927580 |
|
| 245 | 1 | 0 |
_aGorra de plat / _cXavier Benguerel. |
| 250 | _a1ยช ed. | ||
| 260 |
_aMadrid, etc. : _bAlfaguara, _c[1967] |
||
| 300 |
_a312 p. ; _c21 cm. |
||
| 852 |
_aES-MaACL _jC-32073 _bR.62723 |
||
| 999 |
_c31755 _d31755 |
||